Simvoličeskoje i archetipičeskoje v kul'ture i social'nych otnošenijach : materialy III meždunarodnoj naučno-praktičeskoj konferencii 5-6 marta 2013 goda /

Korporativní autor: Vědecko vydavatelské centrum "Sociosféra-CZ"
Další autoři: Simvoličeskoje i archetipičeskoje v kul'ture i social'nych otnošenijach, Dorošina, Vera Anatol'jevna, 1979-
Jazyk: Ruština
Ukrajinština
Čeština
Vydáno: Praga : Vědecko vydavatelské centrum "Sociosféra - CZ", 2013
Témata:
Fyzický popis: 174 s. ; 21 cm
Language note: Část. český a ukrajinský text, anglická resumé
Knihy
Uloženo v:
LEADER 02315nam a2200565 a 4500
001 nkc20132457232
003 CZ PrNK
005 20130809171021.0
007 ta
008 130422s2013 xr f 100 0 ruso
015 |a cnb002457232 
020 |a 978-80-87786-16-1  |q (brož.) 
035 |a (OCoLC)855464257 
040 |a BOA001  |b cze 
041 0 |a rus  |a cze  |a ukr  |b eng 
072 7 |a 316.7  |x Sociologie kultury. Kulturní život  |2 Konspekt  |9 1 
080 |a 165.212  |2 MRF 
080 |a 316.72/.75  |2 MRF 
080 |a 2-1  |2 MRF 
080 |a 101  |2 MRF 
080 |a 39  |2 MRF 
080 |a 159.964.21  |2 MRF 
080 |a (062.534)  |2 MRF 
111 2 |a Simvoličeskoje i archetipičeskoje v kul'ture i social'nych otnošenijach  |n (3. :  |d 2013 :  |c Praha, Česko)  |7 mzk2013768989 
245 1 0 |a Simvoličeskoje i archetipičeskoje v kul'ture i social'nych otnošenijach :  |b materialy III meždunarodnoj naučno-praktičeskoj konferencii 5-6 marta 2013 goda /  |c [redaktor V.A. Dorošina] 
260 |a Praga :  |b Vědecko vydavatelské centrum "Sociosféra - CZ",  |c 2013 
300 |a 174 s. ;  |c 21 cm 
500 |a Nad názvem: Naučno-izdatel'skij centr "Sociosfera" ... et al. 
504 |a Obsahuje bibliografie 
546 |a Část. český a ukrajinský text, anglická resumé 
650 0 7 |a symboly  |7 ph126351  |x kulturní aspekty  |2 czenas 
650 0 7 |a symboly  |7 ph126351  |x náboženské aspekty  |2 czenas 
650 0 7 |a symboly  |7 ph126351  |x filozofické aspekty  |2 czenas 
650 0 7 |a symboly  |7 ph126351  |x etnografické aspekty  |2 czenas 
650 0 7 |a archetypy  |7 ph118505  |2 czenas 
650 0 9 |a symbols  |x cultural aspects  |2 eczenas 
650 0 9 |a symbols  |x religious aspects  |2 eczenas 
650 0 9 |a symbols  |x philosophical aspects  |2 eczenas 
650 0 9 |a symbols  |x ethnographical aspects  |2 eczenas 
650 0 9 |a archetypes  |2 eczenas 
655 7 |a sborníky konferencí  |7 fd133333  |2 czenas 
655 9 |a proceedings of conferences  |2 eczenas 
700 1 |a Dorošina, Vera Anatol'jevna,  |d 1979-  |7 jo2013757371  |4 edt 
710 2 |a Vědecko vydavatelské centrum "Sociosféra-CZ"  |7 ko2013758857 
910 2 |a BOA001  |b 2-1303.797 
928 9 |a Sociosféra - CZ 
990 |a BK 
995 |a 01 
991 |b 201307  |c NOV  |e n 
996 6 |b 2610553739  |c 2-1303.797  |l MZK  |r Sklad / do 1 hodiny  |n 0  |p p.v.  |w 001339467  |u 000010  |a 1  |e BOA001  |j MZK50  |s P